| 000 | 00662cab a22002055a 4500 | ||
|---|---|---|---|
| 001 | L146023 | ||
| 008 | 081202e20081129xxka f g 000 0 eng d | ||
| 035 | _a(Sirsi) u146023 | ||
| 041 | 0 | _aeng | |
| 100 | 1 | _aChapper, Jonathan | |
| 245 | 0 | 0 | _aPay close attention to tax |
| 260 | _c2008 | ||
| 490 |
_aEstates Gazette _v(0847) 29 November 2008, 108-109(2) |
||
| 510 | 4 | _aMainly for students article addresses stamp duty land tax (SDLT). Discusses the nature of the tax, group relief, term, break clauses and rent reviews. | |
| 590 | _aKA | ||
| 651 | 4 |
_aEngland and Wales _y1543- |
|
| 690 | _aPROPERTY-PROPERTY TAXATION | ||
| 700 | 1 | _aAllen, Tim | |
| 942 | _n0 | ||
| 999 |
_c81005 _d81005 |
||